| 000 | 00784cam a2200205 4500 | ||
|---|---|---|---|
| 001 | ABS62693 | ||
| 008 | 000000n2000 000 0 eng u | ||
| 035 | _a(Sirsi) u107842 | ||
| 245 | _aBuilding Regulations Part L | ||
| 260 | _c2000 | ||
| 490 |
_aBuilding Engineer _v75(8) August 2000, 14-15(2) |
||
| 520 | _aConsiders the implications of the new Part L Building Regulations for building engineers. The regulations focus much more on improving the thermal performance of buildings to save on fuel costs and reduce carbon dioxide emissions. | ||
| 590 | _aABS | ||
| 650 | _aBUILDING REGULATIONS PART L | ||
| 650 | _aENERGY EFFICIENCY | ||
| 650 | _aTHERMAL INSULATION | ||
| 650 | _aBUILDING PERFORMANCE | ||
| 690 | _aBUILDING AND CONSTRUCTION-ENERGY MANAGEMENT | ||
| 942 | _n0 | ||
| 999 |
_c64417 _d64417 |
||